000 00600nam a22002177a 4500
003 UA-OsUOA
001 96111
007 ta
008 20130315b un ||||| |||| 00| 0 ukr d
100 _aКорнюшин Л.
090 _a821.161.1
_bК67
942 _cBK
040 _aUA-OsUOA
_cUA-OsUOA
_dUA-OsUOA
245 _aДемьяновские жители
_bроман
300 _a528 с.
955 _a3
080 _a821.161.1
260 _aМ.
_bСоветский писатель
_c1989
650 7 _a82 Література. Літературознавство
_2UDC
999 _c382358
_d382358